| 000 | 00453 a2200169 4500 | ||
|---|---|---|---|
| 001 | 192563 | ||
| 020 | _a978-85-7608-550-8 | ||
| 040 | _cMagnum | ||
| 100 | _aOsterwalder, Alexander | ||
| 240 | 1 | 0 |
_aBusiness model generation: inovação em modelos de negócios _lpor |
| 245 | 1 | 0 | _aBusiness model generation: inovação em modelos de negócios |
| 300 | _a300 | ||
| 362 | 0 | _a2011 | |
| 440 | 1 | _aAlta Books | |
| 697 | _aLITERATURA GERAL | ||
| 942 | _cBK | ||
| 999 |
_c192563 _d192563 |
||